000 00571nam a22002177a 4500
005 20170531101912.0
008 090109t xxu||||| |||| 00| 0urd d
010 _aA-279865
020 _c16.00
_a-
035 _aA-279865
037 _bDBAD/PUB
040 _aDPL
_bUrdu
082 _a ن
100 _aر ا فیہ
245 _aعنبر ینہ
_cر ا فیہ
246 _aAnbrina
_bBy Rafia
260 _aدہلی
_bAhluwalia Book Depot
_c1981
270 _aDelhi
_bدھلی
_e110006
_k-
300 _a1981ص
_c22 cm(hb)
942 _2ddc
_cUR
_h ن
_mر ا ف
999 _c140592
_d140592